A global history of architecture

Gardado en:
Detalles Bibliográficos
Autor Principal: Ching, Francis D. K.
Formato: Libro
Idioma:Undetermined
Publicado: Hoboken, N.J. John Wiley & Sons 2007
Những chủ đề:
Các nhãn: Engadir etiqueta
Sen Etiquetas, Sexa o primeiro en etiquetar este rexistro!
Thư viện lưu trữ: Trung tâm Học liệu Trường Đại học Cần Thơ
LEADER 00573nam a2200205Ia 4500
001 CTU_124247
008 210402s9999 xx 000 0 und d
020 |c 1199000 
082 |a 720.9 
082 |b C539 
100 |a Ching, Francis D. K. 
245 2 |a A global history of architecture 
245 0 |c Francis D.K. Ching, Mark M. Jarzombek, Vikramaditya Prakash 
260 |a Hoboken, N.J. 
260 |b John Wiley & Sons 
260 |c 2007 
650 |a Architecture 
650 |x History 
904 |i Minh 
980 |a Trung tâm Học liệu Trường Đại học Cần Thơ